Optimizing pharmacotherapy of epilepsy by creating new ways of administering of original anticonvulsant meta-chlorobenzhydryl urea (m-CLBHU); European Psychiatry; Vol. 56, iss. S1 : Abstracts of the 27th European Congress of Psychiatry

Détails bibliographiques
Parent link:European Psychiatry
Vol. 56, iss. S1 : Abstracts of the 27th European Congress of Psychiatry.— 2019.— [E-PP0038, P. S15]
Collectivité auteur: Национальный исследовательский Томский политехнический университет Школа базовой инженерной подготовки Отделение естественных наук
Autres auteurs: Novozheeva T. P. Tatjana Petrovna, Markova E. V. Evgeniya Valerjevna, Shushpanova O. V. Olga Vladimirovna, Knyazeva E. M. Elena Mikhailovna, Shushpanova T. V. Tamara Vasiljevna
Résumé:Title screen
Langue:anglais
Publié: 2019
Sujets:
Accès en ligne:https://www.elibrary.ru/item.asp?id=42467236
Format: MixedMaterials Électronique Chapitre de livre
KOHA link:https://koha.lib.tpu.ru/cgi-bin/koha/opac-detail.pl?biblionumber=667830

MARC

LEADER 00000naa0a2200000 4500
001 667830
005 20250402123827.0
035 |a (RuTPU)RU\TPU\network\39041 
035 |a RU\TPU\network\34906 
090 |a 667830 
100 |a 20220427d2019 k||y0rusy50 ba 
101 0 |a eng 
102 |a NL 
135 |a drcn ---uucaa 
181 0 |a i  
182 0 |a b 
200 1 |a Optimizing pharmacotherapy of epilepsy by creating new ways of administering of original anticonvulsant meta-chlorobenzhydryl urea (m-CLBHU)   |f T. P. Novozheeva, E. V. Markova, O. V. Shushpanova [et al.] 
203 |a Text  |c electronic 
300 |a Title screen 
461 |t European Psychiatry 
463 |t Vol. 56, iss. S1 : Abstracts of the 27th European Congress of Psychiatry  |v [E-PP0038, P. S15]  |d 2019 
610 1 |a электронный ресурс 
610 1 |a труды учёных ТПУ 
701 1 |a Novozheeva  |b T. P.  |g Tatjana Petrovna 
701 1 |a Markova  |b E. V.  |g Evgeniya Valerjevna 
701 1 |a Shushpanova  |b O. V.  |g Olga Vladimirovna 
701 1 |a Knyazeva  |b E. M.  |c chemist  |c Associate Professor of Tomsk Polytechnic University, Candidate of chemical sciences  |f 1956-  |g Elena Mikhailovna  |3 (RuTPU)RU\TPU\pers\34498  |9 17881 
701 1 |a Shushpanova  |b T. V.  |g Tamara Vasiljevna 
712 0 2 |a Национальный исследовательский Томский политехнический университет  |b Школа базовой инженерной подготовки  |b Отделение естественных наук  |3 (RuTPU)RU\TPU\col\23562 
801 0 |a RU  |b 63413507  |c 20220427  |g RCR 
856 4 |u https://www.elibrary.ru/item.asp?id=42467236 
942 |c CF